Solidaridad : Organo del Sindicato de Trabajadores Electricistas de la República Mexicana : número 48, tercera época, julio 15, 1971 /
Guardado en:
MARC
| LEADER | 00000nam^a2200000^a^4500 | ||
|---|---|---|---|
| 001 | 000630291 | ||
| 005 | 20260410000000.0 | ||
| 009 | 20260410195519.136 | ||
| 037 | |a Acervo ITESO - Biblioteca | ||
| 041 | |a ESP | ||
| 082 | |a 333. 79320972 |b SOL S. 3 V. 48-59 | ||
| 110 | |a Sindicato de Trabajadores Electricistas de la República Mexicana | ||
| 240 | 1 | 1 | |a [Solidaridad: Organo del Sindicato de Trabajadores Electricistas de la República Mexicana] |
| 245 | 1 | 0 | |a Solidaridad : |b Organo del Sindicato de Trabajadores Electricistas de la República Mexicana : número 48, tercera época, julio 15, 1971 / |c STERM ; dir. de R. Galván, F. Martínez de la Vega, R.F. Peña. |
| 264 | 1 | |a México : |b Sindicato de Trabajadores Electricistas de la República Mexicana, |c 1971 | |
| 300 | |a [532] p. | ||
| 336 | |a texto |b txt |2 rdacontenido | ||
| 337 | |a sin mediación |b n |2 rdamedio | ||
| 338 | |a volumen |b nc |2 rdasoporte | ||
| 440 | 1 | |a (Solidaridad. Organo del Sindicato de Trabajadores Electricistas de la República Mexicana ; |v 3/48) | |
| 440 | 1 | |a (Solidaridad. Organo del Sindicato de Trabajadores Electricistas de la República Mexicana ; |v 3/49) | |
| 440 | 1 | |a (Solidaridad. Organo del Sindicato de Trabajadores Electricistas de la República Mexicana ; |v 3/50) | |
| 440 | 1 | |a (Solidaridad. Organo del Sindicato de Trabajadores Electricistas de la República Mexicana ; |v 3/51) | |
| 440 | 1 | |a (Solidaridad. Organo del Sindicato de Trabajadores Electricistas de la República Mexicana ; |v 3/52) | |
| 440 | 1 | |a (Solidaridad. Organo del Sindicato de Trabajadores Electricistas de la República Mexicana ; |v 3/53) | |
| 440 | 1 | |a (Solidaridad. Organo del Sindicato de Trabajadores Electricistas de la República Mexicana ; |v 3/54) | |
| 440 | 1 | |a (Solidaridad. Organo del Sindicato de Trabajadores Electricistas de la República Mexicana ; |v 3/55) | |
| 440 | 1 | |a (Solidaridad. Organo del Sindicato de Trabajadores Electricistas de la República Mexicana ; |v 3/56) | |
| 440 | 1 | |a (Solidaridad. Organo del Sindicato de Trabajadores Electricistas de la República Mexicana ; |v 3/57) | |
| 440 | 1 | |a (Solidaridad. Organo del Sindicato de Trabajadores Electricistas de la República Mexicana ; |v 3/58) | |
| 440 | 1 | |a (Solidaridad. Organo del Sindicato de Trabajadores Electricistas de la República Mexicana ; |v 3/59) | |
| 501 | |a Encuadernación particular | ||
| 567 | |a Catalogación rápida | ||
| 649 | |a XX | ||
| 650 | |a Sindicato de Trabajadores Electricistas de la República Mexicana - |x Publicaciones Periódicas - |x Tema Principal | ||
| 650 | |a Sindicalismo - |z México - |x Publicaciones Periódicas - |x Tema Principal | ||
| 650 | |a Sindicalismo - |z México | ||
| 650 | |a Industria Eléctrica - |z México - |x Publicaciones Periódicas - |x Tema Principal | ||
| 650 | |a Industria Eléctrica - |z México | ||
| 650 | |a Política Energética - |z México - |x Historia - |y 1970-1976 | ||
| 650 | |a Política Energética - |z México - |x Historia - |y Siglo XX | ||
| 650 | |a Política - |z México - |x Historia - |y 1970-1976 | ||
| 650 | |a Política - |z México - |x Historia - |y Siglo XX | ||
| 650 | |a Política - |x Publicaciones Periódicas Mexicanas | ||
| 650 | |a Publicaciones Periódicas Mexicanas | ||
| 650 | |a Publicaciones Periódicas | ||
| 700 | |a Galván, Rafael |e (dirección) | ||
| 700 | |a Martínez de la Vega, Francisco |e (dirección) | ||
| 700 | |a Peña, Rodolfo F. |e (dirección) | ||
| 740 | 0 | |a Solidaridad : |b Organo del Sindicato de Trabajadores Electricistas de la República Mexicana : número 49, tercera época, julio 31, 1971 / |c STERM ; dir. de R. Galván, F. Martínez de la Vega, R.F. Peña. | |
| 740 | 0 | |a Solidaridad : |b Organo del Sindicato de Trabajadores Electricistas de la República Mexicana : número 50, tercera época, agosto 15, 1971 / |c STERM ; dir. de R. Galván, F. Martínez de la Vega, R.F. Peña. | |
| 740 | 0 | |a Solidaridad : |b Organo del Sindicato de Trabajadores Electricistas de la República Mexicana : número 51, tercera época, agosto 31, 1971 / |c STERM ; dir. de R. Galván, F. Martínez de la Vega, R.F. Peña. | |
| 740 | 0 | |a Solidaridad : |b Organo del Sindicato de Trabajadores Electricistas de la República Mexicana : número 52, tercera época, septiembre 15, 1971 / |c STERM ; dir. de R. Galván, F. Martínez de la Vega, R.F. Peña. | |
| 740 | 0 | |a Solidaridad : |b Organo del Sindicato de Trabajadores Electricistas de la República Mexicana : número 53, tercera época, septiembre 30, 1971 / |c STERM ; dir. de R. Galván, F. Martínez de la Vega, R.F. Peña. | |
| 740 | 0 | |a Solidaridad : |b Organo del Sindicato de Trabajadores Electricistas de la República Mexicana : número 54, tercera época, octubre 15, 1971 / |c STERM ; dir. de R. Galván, F. Martínez de la Vega, R.F. Peña. | |
| 740 | 0 | |a Solidaridad : |b Organo del Sindicato de Trabajadores Electricistas de la República Mexicana : número 55, tercera época, octubre 31, 1971 / |c STERM ; dir. de R. Galván, F. Martínez de la Vega, R.F. Peña. | |
| 740 | 0 | |a Solidaridad : |b Organo del Sindicato de Trabajadores Electricistas de la República Mexicana : número 56, tercera época, noviembre 15, 1971 / |c STERM ; dir. de R. Galván, F. Martínez de la Vega, R.F. Peña. | |
| 740 | 0 | |a Solidaridad : |b Organo del Sindicato de Trabajadores Electricistas de la República Mexicana : número 57, tercera época, noviembre 30, 1971 / |c STERM ; dir. de R. Galván, F. Martínez de la Vega, R.F. Peña. | |
| 740 | 0 | |a Solidaridad : |b Organo del Sindicato de Trabajadores Electricistas de la República Mexicana : número 58, tercera época, diciembre 15, 1971 / |c STERM ; dir. de R. Galván, F. Martínez de la Vega, R.F. Peña. | |
| 740 | 0 | |a Solidaridad : |b Organo del Sindicato de Trabajadores Electricistas de la República Mexicana : número 59, tercera época, diciembre 31, 1971 / |c STERM ; dir. de R. Galván, F. Martínez de la Vega, R.F. Peña. | |
| 910 | |a Fondo Castillo-Martínez | ||
| 920 | |a Impresos - Libros | ||
| 930 | |a Fondos Especiales | ||
| 905 | |a 127 | ||
| 901 | |a 630291-10 |b IT2 |c ESP |i D128740 |u 20260410 | ||
| 902 | |a https://opac.biblio.iteso.mx/vufind/Record/000630291 | ||